Online
Catalog

Tales of the East and West. / (Record no. 17939)

MARC details
000 -CABECERA
campo de control de longitud fija 00999cam a22002531 4500
001 - NÚMERO DE CONTROL
campo de control 000018418
005 - FECHA Y HORA DE LA ÚLTIMA TRANSACCIÓN
campo de control 20200929165512.0
008 - DATOS DE LONGITUD FIJA--INFORMACIÓN GENERAL
campo de control de longitud fija 720724s1958 nyu 000 1 eng
010 ## - NÚMERO DE CONTROL DE LA BIBLIOTECA DEL CONGRESO
Número de control de LC 58008087
035 ## - NÚMERO DE CONTROL DEL SISTEMA
Número de control de sistema (OCoLC)362673
040 ## - FUENTE DE LA CATALOGACIÓN
Centro catalogador/agencia de origen DO-SdBNP
Centro/agencia transcriptor ODaWU
Centro/agencia modificador OCoLC
-- CSfNM
-- TxU
-- DLC
050 00 - SIGNATURA TOPOGRÁFICA DE LA BIBLIOTECA DEL CONGRESO
Número de clasificación PZ3.C764
Número de documento/Ítem Tao
Número de clasificación PR6005.O4
100 1# - ENTRADA PRINCIPAL--NOMBRE DE PERSONA
Nombre de persona Conrad, Joseph,
Fechas asociadas al nombre 1857-1924.
9 (RLIN) 39877
245 10 - MENCIÓN DE TÍTULO
Título Tales of the East and West. /
Mención de responsabilidad, etc. Edited and with an introd. by Morton Dauwen Zabel.
250 ## - MENCIÓN DE EDICIÓN
Mención de edición [1st ed.]
260 ## - PUBLICACIÓN, DISTRIBUCIÓN, ETC.
Lugar de publicación, distribución, etc. Garden City, N.Y., :
Nombre del editor, distribuidor, etc. Hanover House,
Fecha de publicación, distribución, etc. [1958].
300 ## - DESCRIPCIÓN FÍSICA
Extensión 544 p. ;
Dimensiones 22 cm.
505 0# - NOTA DE CONTENIDO CON FORMATO
Nota de contenido con formato Almayer's folly -- Karain : a memory -- The planter of Malata -- An outpost of progress -- Falk -- Prince Roman -- The warrior's soul -- Amy Foster -- The secret agent.
910 ## - DATOS DE OPCIÓN DEL USUARIO (OCLC)
Datos de opción del usuario Catalogación por derivada / LC
906 ## - ELEMENTOS DE DATOS F LOCAL, LDF (RLIN)
a 7
b cbc
c oclcrpl
d u
e ncip
f 19
g y-gencatlg
985 ## -
-- OCLC REPLACEMENT
991 ## -
-- c-GenColl
-- PZ3.C764
-- Tao
-- 00022231637
-- Copy 1
-- OCLCREP
Holdings
Estado de retiro Estado de pérdida Restricciones de uso No para préstamo Código de colección Localización permanente Ubicación/localización actual Ubicación en estantería Fecha de adquisición Número de inventario Total de préstamos Signatura topográfica completa Código de barras Fecha visto por última vez Precio válido a partir de Tipo de ítem Koha
      Excluido de préstamo Monografías: Libros y Folletos General General En catalogación 06.05.2010 LF1   18418-10 25.06.2020 25.06.2020 No se presta

Powered by Koha